Top Ten 3 Point Shooters - Statistics

General Stats
  • This quiz has been taken 43 times
  • The average score is 6 of 10
Answer Stats
# of Threes Answer % Correct
3,747 Stephen Curry
100%
2,973 Ray Allen
93%
2,410 LeBron James
83%
2,940 James Harden
78%
2,560 Reggie Miller
76%
2,481 Klay Thompson
59%
2,607 Damian Lillard
54%
2,450 Kyle Korver
41%
2,290 Vince Carter
24%
2,282 Jason Terry
17%
No matching quizzes found
Score Distribution
Percent of People with Each Score
Percentile by Number Answered
Your Score History
You have not taken this quiz